000 00562nam a2200205Ia 4500
005 20250508165449.0
008 008 250505s9999 xx 000 0 hin d
020 _a978-93-5072-697-6
037 _aTextual
040 _aFEDL
_beng
_cFEDL
041 _ahin
_2hin
084 _aB, TIW
_qFEDL
100 _aTiwari Vishwanath Prasad
245 0 _aDin rain: Vishwanath Prasad Tiwari ki diary
260 _aNew Delhi, India
_bVani Prakashan
_c2014
300 _a212p.
365 _aINR
_b395
942 _cTEXL
_hB, TIW
999 _c1395244
_d1395244